000 00835nas a2200277 4500
001 BR6500293
003 BR-BrBNA
005 20231205082220.0
007 ta
008 230509b bl.|||p| |||| 00| 00por d
040 _aBR-BrBNA
_bpor
_cBiblioteca Nacional de Agricultura
041 _a(Pt)
072 _aL73
100 1 _aGalvao, C. de L.
100 1 _aDoria, J.D.
100 1 _aAlice, F.J.
245 1 _aAnticorpos neutralizantes para o virus da rinotraqueite infecciosa dos bovinos, em bovinos do Brasil
650 _aANTICORPO
650 _aNEUTRALIZACAO
650 _aVIRUS
650 _aRINOTRAQUEITE
650 _aBOVINO
773 0 _tBoletim do Instituto Biologico da Bahia (Brazil)
_xISSN 0020-3661
_g(1962-1963), v. 6(1) p. 15-25
_wBR6500293
909 _a202311
_bLúcia
_c55
_dLúcia Elande
942 _2AGRIS
_n0
_cANA
999 _c90034
_d90034